[Event "POR-chT3 final"]
[Site "Matosinhos"]
[Date "2012.07.22"]
[Round "3.1"]
[White "Reis, Antonio Jorge"]
[Black "Santos, Antonio Severino"]
[Result "0-1"]
[WhiteElo "1817"]
[BlackElo "1818"]
[PlyCount "58"]
[EventDate "2012.07.21"]
[EventType "team-k.o."]
[EventRounds "3"]
[EventCountry "POR"]
[SourceTitle "EXT 2015"]
[Source "ChessBase"]
[SourceDate "2014.11.20"]
[SourceVersion "1"]
[SourceVersionDate "2014.11.20"]
[SourceQuality "1"]
[WhiteTeam "Torres Novas"]
[BlackTeam "Bombarral"]
[WhiteTeamCountry "POR"]
[BlackTeamCountry "POR"]

1. d4 Nf6 2. c4 c5 3. Nf3 g6 4. Nc3 cxd4 5. Nxd4 Bg7 6. e3 0-0 7. Be2 Nc6 8. 0-0 d6 9. a3 Bd7 10. b4 Rc8 11. Bb2 Ne5 12. Qb3 a6 13. Rac1 Bg4 14. f3 Bd7 15. b5 Bh6 16. Nd1 Qb6 17. Nf2 Qc5 18. a4 g5 19. Qc3 d5 20. Ba3 Qc7 21. Bxe7 Bg7 22. Bxf8 Bxf8 23. Rfd1 g4 24. f4 g3 25. hxg3 Neg4 26. Nxg4 Bxg4 27. Nf3 Ne4 28. Qe5 Qb6 29. c5 Bxc5 0-1

[Event "POR-chT3 final"]
[Site "Matosinhos"]
[Date "2012.07.21"]
[Round "2.2"]
[White "Tapisso, Gabriel Palmelao"]
[Black "Reis, Antonio Jorge"]
[Result "0-1"]
[WhiteElo "1697"]
[BlackElo "1817"]
[PlyCount "40"]
[EventDate "2012.07.21"]
[EventType "team-k.o."]
[EventRounds "3"]
[EventCountry "POR"]
[SourceTitle "EXT 2015"]
[Source "ChessBase"]
[SourceDate "2014.11.20"]
[SourceVersion "1"]
[SourceVersionDate "2014.11.20"]
[SourceQuality "1"]
[WhiteTeam "Barreirense II"]
[BlackTeam "Torres Novas"]
[WhiteTeamCountry "POR"]
[BlackTeamCountry "POR"]

1. e4 d5 2. exd5 Qxd5 3. Nc3 Qa5 4. d4 Nf6 5. Bc4 c6 6. Bd2 Bg4 7. f3 Bf5 8. Nd5 Qd8 9. Nxf6+ exf6 10. Qe2+ Be7 11. Bc3 0-0 12. 0-0-0 b5 13. Bb3 a5 14. d5 b4 15. Be1 Qc7 16. dxc6 Nxc6 17. Bg3 Ne5 18. Rd5 Rad8 19. Bxe5 fxe5 20. Rxe5 Bg5+ 0-1

[Event "POR-chT3 final"]
[Site "Torres Vedras"]
[Date "2011.07.23"]
[Round "2.2"]
[White "Reis, Antonio Jorge"]
[Black "Maio, Nuno Miguel Oliveir"]
[Result "1-0"]
[WhiteElo "1878"]
[BlackElo "1574"]
[PlyCount "53"]
[EventDate "2011.07.23"]
[EventType "team-k.o."]
[EventRounds "3"]
[EventCountry "POR"]
[SourceTitle "EXT 2012"]
[Source "ChessBase"]
[SourceDate "2011.11.24"]
[SourceVersion "1"]
[SourceVersionDate "2011.11.24"]
[SourceQuality "1"]
[WhiteTeam "Torres Novas"]
[BlackTeam "Profigaia"]
[WhiteTeamCountry "POR"]
[BlackTeamCountry "POR"]

1. d4 Nf6 2. c4 e6 3. Nf3 d5 4. Nc3 Be7 5. e3 0-0 6. Bd3 Nbd7 7. 0-0 dxc4 8. Bxc4 c5 9. Re1 a6 10. a3 b5 11. Ba2 Bb7 12. dxc5 Nxc5 13. b4 Nd3 14. Re2 Nxc1 15. Rxc1 Rc8 16. Rd2 Qb6 17. Bb1 Rfd8 18. Rxd8+ Rxd8 19. Qe2 Rc8 20. Ne1 Ne4 21. Bxe4 Bxe4 22. Nd5 Bxd5 23. Rxc8+ Bf8 24. Qc2 a5 25. Qc3 Bb7 26. Rb8 f6 27. bxa5 1-0

[Event "Lisbon Carris op 4th"]
[Site "Lisbon"]
[Date "2006.02.17"]
[Round "7"]
[White "Vitorino, Luis"]
[Black "Reis, Antonio Jorge"]
[Result "1-0"]
[WhiteElo "1863"]
[BlackElo "1924"]
[PlyCount "87"]
[EventDate "2006.02.02"]
[EventType "swiss"]
[EventRounds "7"]
[EventCountry "POR"]
[SourceTitle "EXT 2008"]
[Source "ChessBase"]
[SourceDate "2007.11.25"]
[SourceVersion "1"]
[SourceVersionDate "2007.11.25"]
[SourceQuality "1"]

1. e4 d5 2. exd5 Qxd5 3. d4 Nf6 4. c4 Qe4+ 5. Be3 Bf5 6. Nc3 Qc6 7. c5 Nfd7 8. d5 Qg6 9. Rc1 Ne5 10. h3 Bd3 11. Nge2 Bc4 12. Nf4 Qa6 13. Bxc4 Qxc4 14. d6 Na6 15. Ncd5 Qe4 16. d7+ Nxd7 17. 0-0 c6 18. Nc3 Qe5 19. Nd3 Qf5 20. g4 Qf6 21. Qe2 Qh4 22. Kg2 e6 23. Ne4 h6 24. b4 Nc7 25. Bf4 Nd5 26. Bg3 Qd8 27. a3 Be7 28. Nd6+ Bxd6 29. Bxd6 Qf6 30. Rc4 Qg6 31. f4 f5 32. Re1 Kf7 33. Kh2 Rhe8 34. Rg1 Kg8 35. Ne5 Nxe5 36. Bxe5 Re7 37. gxf5 Qxf5 38. Rd4 Rae8 39. Qg2 Qf7 40. Qg3 Nf6 41. Qd3 Kh8 42. Rd8 Nh5 43. Rxe8+ Qxe8 44. Rg6 1-0